| 000 | 00385cam a2200157ua 4500 | ||
|---|---|---|---|
| 003 | OSt | ||
| 008 | 250101b |||||||| |||| 00| 0 eng d | ||
| 041 | _aeng | ||
| 082 |
_a621.37 _bNIX/PR |
||
| 100 |
_aNixon , Floyd E . _96701 |
||
| 245 | _aPrinciples of automatic controls / | ||
| 250 | _a1 / | ||
| 260 |
_aLondon : _bMcMillon & Co Ltd , _c1958. |
||
| 300 | _a409 ; . | ||
| 942 | _cBK | ||
| 999 |
_c1393 _d1393 |
||